000 00410ntaaa2200157 4500
003 01
005 20251027203139.0
008 0714s1973 ag 01
040 _aAR-BaBN
_bspa
_cAR-BaBN
_eaacr
_dRIC
082 _asinclasificar
100 _aStewart
_932903
245 _aNiƱos amables
250 _a1 ed.
260 _aEl Paso :
_bCBP
500 _aLos datos fueron tomados del libro de entradas. No esta la ficha
999 _c26861
_d26861